Score 0/20 Timer 04:00
2 Plays Today
Hint Actor % Correct
Golden GlobeRobert Downey, Jr. (Golden Globe)
94%
EmmyBenedict Cumberbatch (Emmy)
88.5%
EmmyMark Ruffalo (Emmy)
84%
OscarNatalie Portman (Oscar)
81.2%
Golden GlobeTom Hiddleston (Golden Globe)
81.1%
OscarGwyneth Paltrow (Oscar)
75.3%
EmmyDon Cheadle (Emmy)
70.4%
OscarTommy Lee Jones (Oscar)
64.3%
OscarMichael Douglas (Oscar)
63.7%
OscarAnthony Hopkins (Oscar)
63.2%
Hint Actor % Correct
OscarCate Blanchett (Oscar)
63.1%
OscarRobert Redford (Oscar)
56.2%
OscarBenicio del Toro (Oscar)
55.7%
OscarTilda Swinton (Oscar)
54.4%
OscarBen Kingsley (Oscar)
54.3%
OscarJeff Bridges (Oscar)
52.7%
OscarForest Whitaker (Oscar)
49.6%
EmmyJames Spader (Emmy)
42.5%
OscarLupita Nyong'o (Oscar)
42.3%
OscarSam Rockwell (Oscar)
35.5%
Remove Ads.
Support Sporcle.
Get the best of Sporcle when you Go Orange. This ad-free experience offers more features, more stats, and more fun while also helping to support Sporcle. Thank you for becoming a member.

You're not logged in!

Compare scores with friends on all Sporcle quizzes.
OR
Log In

Sporcle TV

Today on Sporcle TV


Watch our educational content, quiz creation guides, and fun videos on Sporcle TV.

Show Comments

Extras

Top Quizzes Today


Score Distribution

Paid Content

Your Account Isn't Verified!

In order to create a playlist on Sporcle, you need to verify the email address you used during registration. Go to your Sporcle Settings to finish the process.

Report this User

Report this user for behavior that violates our Community Guidelines.

Details: